| 000 | 00458nam a22001817a 4500 | ||
|---|---|---|---|
| 005 | 20230118110826.0 | ||
| 008 | 200517b xxu||||| |||| 00| 0 eng d | ||
| 020 | _a9788123914770 | ||
| 041 | _aeng | ||
| 082 | _a615.19 KAR | ||
| 100 |
_aKAR, ASHUTOSH _95122 |
||
| 245 | _aPharmaceutical Analysis | ||
| 250 | _a1'st | ||
| 260 |
_aNew Delhi _bCBS Publishers and distributors _c2020 |
||
| 300 | _a212 xv | ||
| 650 |
_aPharmacy _xD.PHARMA _97090 |
||
| 942 | _cBK | ||
| 999 |
_c6237 _d6235 |
||